History Quiz

Random History or Nation Quiz
Score 0/30 Timer 08:00
1 Play Today
% Correct
The first Olympic Games
99%
Marco Polo meets Kublai Khan
96.4%
Vincent Van Gogh severs his ear
96.1%
Diana, Princess of Wales
92.8%
The Mayflower
85.7%
The Dodo
83.1%
The Louisiana Purchase
82.5%
The murder of Jesse James
80.8%
Michelangelo
75.4%
Bronze is discovered
72.9%
Otto von Bismarck becomes First Chancellor of Germany
70.4%
Ferdinand Magellan's expedition circumnavigates the earth
69.9%
Jimmu Tenno becomes first emperor of Japan
67.7%
Charles Lindbergh
65.9%
Pancho Villa leads troops in the Mexican Revolution
63.6%
% Correct
Aaron Burr duels with Alexander Hamilton
63.4%
King Edward VIII abdicates
63.1%
The Arab Spring
61.2%
The Berlin Airlift
59.3%
The driving of the last spike on the Transcontinental Railroad
59.3%
The Greek War of Independence
57.4%
The Falklands War
46.2%
Charlemagne is crowned Holy Roman Emperor
45.3%
The Battle of Mogadishu
44.5%
Julius Caesar crosses the Rubicon
44.1%
The Great Schism
42%
Sir Robert Peel founds the Metropolitan Police
33.1%
The Dissolution of the Monasteries
25.3%
Botany Bay
24.1%
Alexander Nevsky is victorious at the Battle of the Neva
16.2%
Come Together.
Have Fun.
All Virtual.
We all need to come together. Play Sporcle's virtual live trivia to have fun, connect with people, and get your trivia on. Join a live hosted trivia game for your favorite pub trivia experience done virtually. If a virtual private party is more your thing, go here for details.

You're not logged in!

Compare scores with friends on all Sporcle quizzes.
OR
Log In

Sporcle TV

Today on Sporcle TV


Watch our educational content, quiz creation guides, and fun videos on Sporcle TV.

Show Comments

Extras

Top Quizzes Today


Score Distribution

Paid Content

Your Account Isn't Verified!

In order to create a playlist on Sporcle, you need to verify the email address you used during registration. Go to your Sporcle Settings to finish the process.

Report this User

Report this user for behavior that violates our Community Guidelines.

Details: